[Event "Chicago op 23rd"]
[Site "Wheeling"]
[Date "2014.05.22"]
[Round "1"]
[White "Molner, Mackenzie"]
[Black "Yuan, Yuanling"]
[Result "1-0"]
[WhiteElo "2522"]
[BlackElo "2230"]
[PlyCount "117"]
[EventDate "2014.05.22"]
[EventType "swiss"]
[EventRounds "9"]
[EventCountry "USA"]
[SourceTitle "CBM 160 Extra"]
[Source "ChessBase"]
[SourceDate "2014.07.01"]

1. e4 c5 2. Nf3 d6 3. d4 cxd4 4. Nxd4 Nf6 5. Nc3 g6 6. Be3 Bg7 7. f3 a6 8. Qd2
Nbd7 9. Be2 b5 10. O-O Bb7 11. a4 b4 12. Na2 a5 13. c3 bxc3 14. Nxc3 O-O 15.
Rfd1 Nc5 16. Rab1 Qb6 17. Ndb5 Rfc8 18. b3 Nfd7 19. Nd5 Bxd5 20. exd5 Qb7 21.
Bf1 Nb6 22. g3 Ncd7 23. Bh3 Rd8 24. Bg2 Nf6 25. f4 Rdc8 26. Rbc1 Ng4 27. Rc6
Nd7 28. Rdc1 Nxe3 29. Qxe3 Nc5 30. R6xc5 dxc5 31. d6 Qxb5 32. axb5 Bd4 33. Qxd4
cxd4 34. Ra1 exd6 35. Bxa8 Rxa8 36. Kf2 Kf8 37. Ke2 Ke7 38. Ra4 Rb8 39. Rxa5
Ke6 40. Kd3 Kd5 41. b4 h5 42. b6+ Kc6 43. Kxd4 Kxb6 44. Kd5 Rd8 45. Ra2 Rd7 46.
Rf2 Kb5 47. f5 Kxb4 48. f6 Kb5 49. Rb2+ Ka5 50. Rb8 Rc7 51. Kxd6 Rc2 52. Ke7
Rc7+ 53. Kf8 g5 54. Re8 h4 55. Re5+ Kb6 56. Rxg5 Kc6 57. gxh4 Kd6 58. h5 Ke6
59. Kg7 1-0

[Event "Chicago op 23rd"]
[Site "Wheeling"]
[Date "2014.05.23"]
[Round "2"]
[White "Ishkanov, Tigran"]
[Black "Molner, Mackenzie"]
[Result "0-1"]
[WhiteElo "2298"]
[BlackElo "2522"]
[PlyCount "82"]
[EventDate "2014.05.22"]
[EventType "swiss"]
[EventRounds "9"]
[EventCountry "USA"]
[SourceTitle "CBM 160 Extra"]
[Source "ChessBase"]
[SourceDate "2014.07.01"]

1. d4 Nf6 2. c4 e6 3. g3 c5 4. Nf3 cxd4 5. Nxd4 d5 6. Bg2 e5 7. Nf3 d4 8. e3
Nc6 9. exd4 exd4 10. O-O Be7 11. b3 O-O 12. Ba3 Bxa3 13. Nxa3 Qb6 14. Nc2 Rd8
15. Qd3 Qc5 16. Nh4 Ng4 17. Rfe1 Nge5 18. Qd2 Be6 19. Kh1 Rd6 20. Rad1 Rad8 21.
h3 Ng6 22. Nxg6 hxg6 23. f4 a5 24. a4 b6 25. g4 d3 26. Ne3 Nb4 27. Rf1 f5 28.
gxf5 gxf5 29. Rde1 Bf7 30. Nd1 Re8 31. Nc3 Rde6 32. Rxe6 Rxe6 33. Re1 Rxe1+ 34.
Qxe1 Qd4 35. Qe5 Qxe5 36. fxe5 Bh5 37. Nb1 Kf7 38. Kg1 Ke6 39. Kf2 Kxe5 40. Ke3
Bd1 41. Nd2 f4+ 0-1

[Event "Chicago op 23rd"]
[Site "Wheeling"]
[Date "2014.05.23"]
[Round "3"]
[White "Molner, Mackenzie"]
[Black "Nemcova, Katerina"]
[Result "1/2-1/2"]
[WhiteElo "2522"]
[BlackElo "2282"]
[PlyCount "102"]
[EventDate "2014.05.22"]
[EventType "swiss"]
[EventRounds "9"]
[EventCountry "USA"]
[SourceTitle "CBM 160 Extra"]
[Source "ChessBase"]
[SourceDate "2014.07.01"]

1. d4 Nf6 2. c4 e6 3. Nf3 Bb4+ 4. Bd2 Bxd2+ 5. Qxd2 d5 6. Nc3 O-O 7. e3 Qe7 8.
cxd5 exd5 9. Bd3 c6 10. Qc2 Nbd7 11. O-O Re8 12. Rab1 a5 13. a3 Ne4 14. b4 axb4
15. axb4 Ra3 16. Bxe4 dxe4 17. Nd2 Nf6 18. b5 Bf5 19. bxc6 bxc6 20. Na4 Qa7 21.
Nc5 Ra2 22. Rb2 Rxb2 23. Qxb2 Nd7 24. Nxd7 Qxd7 25. Rc1 h5 26. Rc5 h4 27. h3
Be6 28. Re5 Bd5 29. Rxe8+ Qxe8 30. Qc2 Qe6 31. Nb1 g5 32. Nc3 Kg7 33. Qb1 Qe7
34. Qb8 f6 35. Kh2 Qd7 36. Na4 Qf5 37. Kg1 g4 38. hxg4 Qxg4 39. Kh2 Qf5 40. Kg1
Qg4 41. Nc3 h3 42. Qg3 Qxg3 43. fxg3 hxg2 44. Kxg2 Kg6 45. g4 Kg5 46. Kg3 f5
47. gxf5 Kxf5 48. Kh4 Bc4 49. Nd1 Ke6 50. Kg5 c5 51. dxc5 Kd5 1/2-1/2

[Event "Chicago op 23rd"]
[Site "Wheeling"]
[Date "2014.05.24"]
[Round "4"]
[White "Harmon Vellotti, Luke"]
[Black "Molner, Mackenzie"]
[Result "1-0"]
[WhiteElo "2396"]
[BlackElo "2522"]
[PlyCount "117"]
[EventDate "2014.05.22"]
[EventType "swiss"]
[EventRounds "9"]
[EventCountry "USA"]
[SourceTitle "CBM 160 Extra"]
[Source "ChessBase"]
[SourceDate "2014.07.01"]

1. d4 Nf6 2. c4 g6 3. Nc3 d5 4. Nf3 Bg7 5. Bg5 Ne4 6. Bh4 Nxc3 7. bxc3 dxc4 8.
Qa4+ c6 9. Qxc4 Be6 10. Qb4 Nd7 11. Qxb7 c5 12. e3 cxd4 13. Nxd4 Qc8 14. Qxc8+
Rxc8 15. Bb5 Bc4 16. Ba4 Rc7 17. Rb1 f6 18. Nb5 Bxb5 19. Bxb5 Kf7 20. Bg3 e5
21. f4 Ke6 22. O-O f5 23. e4 fxe4 24. Rbe1 Rxc3 25. Rxe4 Nc5 26. Rc4 e4 27. Bf2
Rc8 28. Bxc5 Rxc5 29. Rxe4+ Kd5 30. Rb4 Bd4+ 31. Kh1 Rc1 32. g3 Rxf1+ 33. Bxf1
Rc1 34. Kg2 Rc2+ 35. Kh3 Bg1 36. Bg2+ Ke6 37. Rb7 Rxa2 38. Rxh7 Kf6 39. Rc7 Ra6
40. Bd5 g5 41. Rf7+ Kg6 42. f5+ Kh6 43. Rd7 g4+ 44. Kh4 Bd4 45. Kxg4 Ra4 46.
Be4 Bf6 47. Kf4 Ra5 48. h4 Be5+ 49. Kf3 Ra3+ 50. Bd3 Bf6 51. Kf4 Ra5 52. Kg4
Ra3 53. Kh3 a5 54. g4 a4 55. g5+ Bxg5 56. Rd6+ Kh5 57. hxg5 Kxg5 58. f6 Kh6 59.
Kg4 1-0

[Event "Chicago op 23rd"]
[Site "Wheeling"]
[Date "2014.05.24"]
[Round "5"]
[White "Molner, Mackenzie"]
[Black "Schmakel, Sam A"]
[Result "1-0"]
[WhiteElo "2522"]
[BlackElo "2306"]
[PlyCount "109"]
[EventDate "2014.05.22"]
[EventType "swiss"]
[EventRounds "9"]
[EventCountry "USA"]
[SourceTitle "CBM 160 Extra"]
[Source "ChessBase"]
[SourceDate "2014.07.01"]

1. e4 e5 2. Nf3 Nc6 3. Bb5 a6 4. Ba4 Nf6 5. O-O Be7 6. d3 b5 7. Bb3 d6 8. a4
Bd7 9. h3 Na5 10. Ba2 O-O 11. Be3 c5 12. Nc3 b4 13. Nd5 b3 14. Bxb3 Nxb3 15.
Nxe7+ Qxe7 16. cxb3 Rab8 17. Nd2 Be6 18. f4 exf4 19. Bxf4 Nd7 20. Rc1 Ne5 21.
Bxe5 dxe5 22. Rc3 Rfd8 23. Qe2 Rbc8 24. Rfc1 f6 25. Kh2 Qd6 26. Kg1 Qb6 27. Qe3
Rd4 28. Kf2 Rcd8 29. Ke2 Qb4 30. Kd1 Qb6 31. Kc2 Qb4 32. g4 h6 33. Rg1 Qb6 34.
h4 Kf7 35. g5 hxg5 36. hxg5 Ke7 37. gxf6+ gxf6 38. Rg7+ Bf7 39. Nf3 Rh8 40. Qf2
Qe6 41. Rxf7+ Qxf7 42. Nxd4 exd4 43. Rxc5 Qe6 44. Qxd4 Rh2+ 45. Kc3 Rh1 46. b4
Qg4 47. Kb3 Qd1+ 48. Rc2 Rf1 49. Qa7+ Kf8 50. Qxa6 Rf3 51. Qc8+ Ke7 52. Ka2
Rxd3 53. Rc7+ Kd6 54. Rd7+ Ke5 55. Rxd3 1-0

[Event "Chicago op 23rd"]
[Site "Wheeling"]
[Date "2014.05.25"]
[Round "6"]
[White "Molner, Mackenzie"]
[Black "Rizzitano, James"]
[Result "1-0"]
[WhiteElo "2522"]
[BlackElo "2316"]
[PlyCount "121"]
[EventDate "2014.05.22"]
[EventType "swiss"]
[EventRounds "9"]
[EventCountry "USA"]
[SourceTitle "CBM 160 Extra"]
[Source "ChessBase"]
[SourceDate "2014.07.01"]

1. e4 c5 2. Nf3 Nc6 3. d4 cxd4 4. Nxd4 e5 5. Nb5 d6 6. c4 Be7 7. Bd3 Be6 8. O-O
Rc8 9. N1c3 a6 10. Na3 Bg5 11. Nc2 Bxc1 12. Rxc1 Nge7 13. Qd2 O-O 14. Rcd1 Qd7
15. Nd5 Rcd8 16. Rfe1 f5 17. exf5 Nxf5 18. Be4 Qf7 19. Rf1 Qh5 20. Nde3 Nfd4
21. Nxd4 Nxd4 22. Bxb7 Rf6 23. f3 Rh6 24. g4 Qf7 25. Be4 Bxc4 26. Nxc4 Qxc4 27.
Qa5 Qc8 28. Rd2 Rf8 29. g5 Rh3 30. Qd5+ Kh8 31. Qxd6 Re8 32. Rg2 Rh4 33. g6 h6
34. Qb4 Rf4 35. Qb7 Qc5 36. Rgf2 Rf6 37. Qd5 Rxg6+ 38. Kh1 Qxd5 39. Bxd5 Rd6
40. Be4 Ne6 41. Rc2 Red8 42. Re1 Nf4 43. h4 g6 44. b4 Kg7 45. a4 Rd4 46. Rb1
Nd5 47. b5 Rb8 48. Bxd5 Rxd5 49. Rc7+ Kf6 50. Rc6+ Kf5 51. Rxa6 Rd2 52. Rg1 g5
53. Rxh6 gxh4 54. Rxh4 Rd4 55. Rxd4 exd4 56. Kg2 Ra8 57. b6 d3 58. Rb1 d2 59.
Kf2 Rc8 60. Ke2 Rc1 61. Rb5+ 1-0

[Event "Chicago op 23rd"]
[Site "Wheeling"]
[Date "2014.05.26"]
[Round "8"]
[White "Mulyar, Michael A"]
[Black "Molner, Mackenzie"]
[Result "1-0"]
[WhiteElo "2417"]
[BlackElo "2522"]
[PlyCount "43"]
[EventDate "2014.05.22"]
[EventType "swiss"]
[EventRounds "9"]
[EventCountry "USA"]
[SourceTitle "CBM 160 Extra"]
[Source "ChessBase"]
[SourceDate "2014.07.01"]

1. d4 Nf6 2. Nf3 e6 3. c4 c5 4. Nc3 cxd4 5. Nxd4 Bb4 6. g3 O-O 7. Bg2 d5 8.
cxd5 Nxd5 9. Qb3 Nc6 10. Nxc6 bxc6 11. O-O Qa5 12. Bd2 Bxc3 13. bxc3 Ba6 14.
Rfd1 Qc5 15. e4 Nb6 16. Be3 Qh5 17. Qb4 Rfd8 18. Rxd8+ Rxd8 19. h3 Rd1+ 20.
Rxd1 Qxd1+ 21. Kh2 Nc8 22. Qa5 1-0

[Event "World op 42nd"]
[Site "Arlington"]
[Date "2014.07.03"]
[Round "2"]
[White "Santarius, Erik F"]
[Black "Molner, Mackenzie"]
[Result "0-1"]
[WhiteElo "2332"]
[BlackElo "2504"]
[PlyCount "72"]
[EventDate "2014.07.02"]
[EventType "swiss"]
[EventRounds "9"]
[EventCountry "USA"]
[SourceTitle "CBM 161 Extra"]
[Source "ChessBase"]
[SourceDate "2014.08.29"]

1. d4 Nf6 2. Nf3 g6 3. Bf4 Bg7 4. e3 O-O 5. Be2 Nh5 6. Bg5 h6 7. Bh4 g5 8. g4
Nf6 9. Bg3 Ne4 10. Qd3 d5 11. Nbd2 f5 12. gxf5 Bxf5 13. Qb3 Nc6 14. Qxb7 Nxg3
15. hxg3 Qd6 16. Qb3 Rab8 17. Qc3 e5 18. O-O Bh3 19. Nb3 Rf7 20. Kh2 e4 21. Ng1
Bxf1 22. Rxf1 Ne7 23. Qd2 Nf5 24. c4 c6 25. Kg2 Rbf8 26. Nh3 Bf6 27. Nc5 Bd8
28. b4 Bc7 29. Nb7 Nh4+ 30. Kh1 Qe6 31. Ng1 Rxf2 32. Bg4 Rxd2 33. Bxe6+ Kg7 34.
Rxf8 Kxf8 35. cxd5 Bxg3 36. Nh3 Nf3 0-1

[Event "World op 42nd"]
[Site "Arlington"]
[Date "2014.07.03"]
[Round "3"]
[White "Laznicka, Viktor"]
[Black "Molner, Mackenzie"]
[Result "1/2-1/2"]
[WhiteElo "2679"]
[BlackElo "2504"]
[PlyCount "104"]
[EventDate "2014.07.02"]
[EventType "swiss"]
[EventRounds "9"]
[EventCountry "USA"]
[SourceTitle "CBM 161 Extra"]
[Source "ChessBase"]
[SourceDate "2014.08.29"]

1. d4 Nf6 2. c4 g6 3. f3 d5 4. cxd5 Nxd5 5. e4 Nb6 6. Nc3 Bg7 7. Be3 Nc6 8. d5
Ne5 9. f4 Ng4 10. Bb5+ Bd7 11. Bd4 Bxd4 12. Qxd4 O-O 13. Bxd7 Qxd7 14. h3 Nf6
15. Nge2 c6 16. a4 Rad8 17. Rd1 cxd5 18. a5 Nc8 19. e5 Nh5 20. g4 Ng7 21. Nxd5
Kh8 22. Qc4 b5 23. Qe4 f5 24. exf6 exf6 25. O-O Nd6 26. Qb4 Ne6 27. Nec3 Nc7
28. Rfe1 Nxd5 29. Nxd5 Rf7 30. Qc3 Qc8 31. Qxc8 Rxc8 32. Ne7 Re8 33. Rxd6 Rexe7
34. Rxe7 Rxe7 35. Rxf6 Re1+ 36. Kf2 Rb1 37. Rf8+ Kg7 38. Ra8 Rxb2+ 39. Kg3 Rb3+
40. Kh4 h6 41. Rxa7+ Kf6 42. g5+ hxg5+ 43. fxg5+ Ke5 44. Re7+ Kf5 45. Rf7+ Ke5
46. Rf6 Rb4+ 47. Kg3 Rb3+ 48. Kg2 Ra3 49. h4 Rxa5 50. Rxg6 Kf5 51. Rf6+ Kg4 52.
Rh6 b4 1/2-1/2

[Event "World op 42nd"]
[Site "Arlington"]
[Date "2014.07.04"]
[Round "4"]
[White "Molner, Mackenzie"]
[Black "Ortiz Suarez, Isan Reynaldo"]
[Result "0-1"]
[WhiteElo "2504"]
[BlackElo "2592"]
[PlyCount "50"]
[EventDate "2014.07.02"]
[EventType "swiss"]
[EventRounds "9"]
[EventCountry "USA"]
[SourceTitle "CBM 161 Extra"]
[Source "ChessBase"]
[SourceDate "2014.08.29"]

1. e4 c5 2. Nf3 d6 3. d4 cxd4 4. Nxd4 Nf6 5. Nc3 a6 6. Be3 e6 7. g4 e5 8. Nf5
h5 9. g5 Nxe4 10. Nxg7+ Bxg7 11. Nxe4 d5 12. Ng3 e4 13. c3 Nc6 14. Nxh5 Be5 15.
f4 exf3 16. Qxf3 d4 17. O-O-O Be6 18. Bg2 Qa5 19. Bf4 Rxh5 20. Bxe5 Qxe5 21.
Qxh5 dxc3 22. Bxc6+ bxc6 23. b3 c2 24. Rd3 Rd8 25. Rxd8+ Kxd8 0-1

[Event "World op 42nd"]
[Site "Arlington"]
[Date "2014.07.05"]
[Round "6"]
[White "Molner, Mackenzie"]
[Black "Shetty, Atulya"]
[Result "0-1"]
[WhiteElo "2504"]
[BlackElo "2302"]
[PlyCount "58"]
[EventDate "2014.07.02"]
[EventType "swiss"]
[EventRounds "9"]
[EventCountry "USA"]
[SourceTitle "CBM 161 Extra"]
[Source "ChessBase"]
[SourceDate "2014.08.29"]

1. e4 e6 2. d4 d5 3. Nd2 c5 4. exd5 Qxd5 5. Ngf3 cxd4 6. Bc4 Qd6 7. O-O Nf6 8.
Nb3 Nc6 9. Nbxd4 Nxd4 10. Nxd4 a6 11. Re1 Qc7 12. Bd3 Bd7 13. Qf3 Bd6 14. h3
O-O-O 15. Bxa6 Bc5 16. Nb3 Bc6 17. Qf4 Bd6 18. Qc4 bxa6 19. Qxa6+ Bb7 20. Qa4
Qc6 21. Qxc6+ Bxc6 22. Bd2 Nd5 23. Re4 Nb6 24. Rg4 h5 25. Rxg7 Rhg8 26. Rxg8
Rxg8 27. g3 h4 28. g4 f5 29. Nd4 Bd5 0-1

[Event "World op 42nd"]
[Site "Arlington"]
[Date "2014.07.05"]
[Round "7"]
[White "Denton, Bradley"]
[Black "Molner, Mackenzie"]
[Result "1/2-1/2"]
[WhiteElo "2319"]
[BlackElo "2504"]
[PlyCount "58"]
[EventDate "2014.07.02"]
[EventType "swiss"]
[EventRounds "9"]
[EventCountry "USA"]
[SourceTitle "CBM 161 Extra"]
[Source "ChessBase"]
[SourceDate "2014.08.29"]

1. d4 Nf6 2. c4 g6 3. Nc3 d5 4. cxd5 Nxd5 5. e4 Nxc3 6. bxc3 Bg7 7. Be3 c5 8.
Rc1 Qa5 9. Qd2 cxd4 10. cxd4 Qxd2+ 11. Bxd2 O-O 12. Nf3 e6 13. Bb5 Nc6 14. Bxc6
bxc6 15. Ne5 Bb7 16. f3 Rfd8 17. Be3 Rac8 18. Nd3 Bxd4 19. Bxd4 Rxd4 20. Nc5
Rc7 21. Ke2 e5 22. Rhd1 Rb4 23. Rb1 Rb5 24. Rd7 Rxd7 25. Rxb5 cxb5 26. Nxd7 b4
27. Nxe5 f6 28. Nd3 a5 29. Nc5 Bc6 1/2-1/2

[Event "Biel MTO op 47th"]
[Site "Biel"]
[Date "2014.07.19"]
[Round "6"]
[White "Bok, Benjamin"]
[Black "Molner, Mackenzie"]
[Result "0-1"]
[WhiteElo "2586"]
[BlackElo "2504"]
[Annotator "Mac"]
[PlyCount "70"]
[EventDate "2014.07.14"]
[EventType "swiss"]
[EventRounds "11"]
[EventCountry "SUI"]
[SourceTitle "CBM 161 Extra"]
[Source "ChessBase"]
[SourceDate "2014.08.29"]

1. e4 c5 2. Nf3 d6 3. d4 cxd4 4. Nxd4 Nf6 5. Nc3 a6 6. Be3 Ng4 7. Bc1 Nf6 8. f3
e6 9. Be3 b5 10. Qd2 Nbd7 11. g4 h6 12. a3 Bb7 13. O-O-O Nb6 14. h4 Rc8 15. Rg1
(15. Be2 Nfd7 16. g5 Ne5) 15... Nfd7 16. g5 hxg5 (16... Ne5) 17. hxg5 g6 18. f4
Nc5 19. Bd3 (19. f5 Nba4) 19... Nxd3+ 20. Qxd3 Nc4 21. Bf2 Rh2 22. Qg3 Rxf2 23.
Qxf2 b4 (23... Qb6 24. f5 gxf5 25. exf5 e5 26. Qe2 Nxa3 27. g6 (27. Rg3 b4))
24. axb4 (24. f5 bxc3 25. fxe6 cxb2+ 26. Kb1) 24... Qb6 25. b3 (25. f5 Qxb4 26.
Nb3 Nxb2 27. fxe6 fxe6) 25... Qxb4 26. Nb1 Na5 $2 (26... Na3 27. f5 gxf5 28.
exf5 e5) 27. Kb2 Bxe4 28. Rg3 Bg7 29. Na3 d5 30. c3 Qb6 31. Rd2 Bf8 32. b4 Rxc3
33. Rxc3 Qxb4+ 34. Kc1 Qxc3+ 35. Nac2 Nc4 0-1

[Event "Budapest FS08 GM"]
[Site "Budapest"]
[Date "2014.08.02"]
[Round "1"]
[White "Molner, Mackenzie"]
[Black "Engqvist, Thomas"]
[Result "1/2-1/2"]
[WhiteElo "2509"]
[BlackElo "2343"]
[PlyCount "73"]
[EventDate "2014.08.02"]
[EventType "tourn"]
[EventRounds "10"]
[EventCountry "HUN"]
[EventCategory "7"]
[SourceTitle "CBM 161 Extra"]
[Source "ChessBase"]
[SourceDate "2014.08.29"]

1. e4 d5 2. exd5 Qxd5 3. Nc3 Qd6 4. d4 Nf6 5. Nf3 c6 6. h3 Bf5 7. Bd3 Bxd3 8.
Qxd3 Nbd7 9. O-O e6 10. Ne2 Qc7 11. c4 Rd8 12. Qc2 Be7 13. Bf4 Bd6 14. Bxd6
Qxd6 15. Rad1 O-O 16. Rd3 Qc7 17. Rfd1 Rc8 18. Rc3 Rfd8 19. Ng3 c5 20. Rcd3
cxd4 21. Rxd4 Nb8 22. Rxd8+ Rxd8 23. Rxd8+ Qxd8 24. b4 a5 25. a3 Na6 26. Qa4
axb4 27. axb4 h6 28. Qb5 Qe7 29. c5 Qd7 30. Qa5 Nd5 31. Ne5 Qc7 32. Qxc7 Naxc7
33. Nd3 b5 34. cxb6 Nxb6 35. Ne4 Nbd5 36. Nec5 Kf8 37. f4 1/2-1/2

[Event "Budapest FS08 GM"]
[Site "Budapest"]
[Date "2014.08.03"]
[Round "2"]
[White "Molner, Mackenzie"]
[Black "Berczes, David"]
[Result "1/2-1/2"]
[WhiteElo "2509"]
[BlackElo "2472"]
[PlyCount "137"]
[EventDate "2014.08.02"]
[EventType "tourn"]
[EventRounds "10"]
[EventCountry "HUN"]
[EventCategory "7"]
[SourceTitle "CBM 161 Extra"]
[Source "ChessBase"]
[SourceDate "2014.08.29"]

1. d4 d5 2. c4 c6 3. Nf3 Nf6 4. Qc2 g6 5. Bf4 Bg7 6. e3 O-O 7. Nc3 c5 8. dxc5
Qa5 9. Rd1 dxc4 10. Bxc4 Qxc5 11. Bb3 Bf5 12. Qe2 Nh5 13. O-O Nxf4 14. exf4 Nc6
15. Rd5 Qb4 16. Qe3 e6 17. Rd2 Rfd8 18. Rfd1 Qb6 19. Qxb6 axb6 20. h3 Rxd2 21.
Rxd2 Rd8 22. Rxd8+ Nxd8 23. Bc4 Nc6 24. Kf1 h5 25. Ke2 Nd4+ 26. Ke3 Nxf3 27.
Kxf3 Bd4 28. g4 Bc2 29. Ke2 Bxc3 30. bxc3 hxg4 31. hxg4 Be4 32. Bb5 Kf8 33. Ke3
Bd5 34. c4 Bg2 35. c5 bxc5 36. f3 Ke7 37. Kf2 Bh1 38. Be2 Kd6 39. Kg1 c4 40.
Kxh1 Kc5 41. Kg2 c3 42. Bd1 Kd4 43. Kg3 Ke3 44. a4 b6 45. Bb3 f6 46. f5 gxf5
47. gxf5 exf5 48. Bc2 f4+ 49. Kg4 Kd2 50. Be4 c2 51. Bxc2 Kxc2 52. Kxf4 Kb3 53.
Kf5 Kxa4 54. Kxf6 b5 55. f4 b4 56. f5 b3 57. Kg7 b2 58. f6 b1=Q 59. f7 Qb2+ 60.
Kg8 Qg2+ 61. Kh8 Qf3 62. Kg7 Qg4+ 63. Kh8 Qh5+ 64. Kg7 Qg5+ 65. Kh8 Qf6+ 66.
Kg8 Qg6+ 67. Kh8 Qh5+ 68. Kg7 Qxf7+ 69. Kxf7 1/2-1/2

[Event "Budapest FS08 GM"]
[Site "Budapest"]
[Date "2014.08.04"]
[Round "3"]
[White "Varga, Zoltan"]
[Black "Molner, Mackenzie"]
[Result "1/2-1/2"]
[WhiteElo "2459"]
[BlackElo "2509"]
[PlyCount "33"]
[EventDate "2014.08.02"]
[EventType "tourn"]
[EventRounds "10"]
[EventCountry "HUN"]
[EventCategory "7"]
[SourceTitle "CBM 161 Extra"]
[Source "ChessBase"]
[SourceDate "2014.08.29"]

1. e4 c5 2. Nf3 d6 3. d4 cxd4 4. Nxd4 Nf6 5. f3 e5 6. Nb3 Be7 7. c4 a5 8. Be3
a4 9. Nc1 O-O 10. Nc3 Qa5 11. Qd2 Be6 12. Nb5 Qxd2+ 13. Kxd2 Rc8 14. Na7 Re8
15. Nb5 Rc8 16. Na7 Re8 17. Nb5 1/2-1/2

[Event "Budapest FS08 GM"]
[Site "Budapest"]
[Date "2014.08.05"]
[Round "4"]
[White "Molner, Mackenzie"]
[Black "Englert, Fabian"]
[Result "1/2-1/2"]
[WhiteElo "2509"]
[BlackElo "2304"]
[PlyCount "91"]
[EventDate "2014.08.02"]
[EventType "tourn"]
[EventRounds "10"]
[EventCountry "HUN"]
[EventCategory "7"]
[SourceTitle "CBM 161 Extra"]
[Source "ChessBase"]
[SourceDate "2014.08.29"]

1. e4 c5 2. Nf3 Nc6 3. d4 cxd4 4. Nxd4 Nf6 5. Nc3 e5 6. Ndb5 d6 7. Bg5 a6 8.
Na3 Be6 9. Nc4 Rb8 10. Bd3 Be7 11. O-O d5 12. exd5 Nxd5 13. Bxe7 Qxe7 14. Nxd5
Bxd5 15. Ne3 Be6 16. Be4 O-O 17. Bxc6 bxc6 18. b3 f5 19. Re1 Rbe8 20. Nf1 e4
21. Qd2 Qf6 22. Rad1 Kh8 23. Qd6 Qc3 24. Qd4 Qa5 25. Qd2 Qc5 26. Ng3 Bg8 27.
Qd4 Qe7 28. f4 Rd8 29. Qe3 Qf6 30. Nf1 a5 31. a4 Rd5 32. Rd2 Rfd8 33. Red1 Qb2
34. Qe1 Rxd2 35. Rxd2 Qc3 36. Kf2 Rxd2+ 37. Qxd2 e3+ 38. Qxe3 Qxc2+ 39. Nd2 h6
40. Ke2 Bf7 41. Qd3 Bh5+ 42. Ke3 Qc1 43. Kf2 Qc5+ 44. Kg3 Bf7 45. h3 Bd5 46.
Nc4 1/2-1/2

[Event "Budapest FS08 GM"]
[Site "Budapest"]
[Date "2014.08.06"]
[Round "5"]
[White "Tesik, Csaba"]
[Black "Molner, Mackenzie"]
[Result "0-1"]
[WhiteElo "2327"]
[BlackElo "2509"]
[PlyCount "70"]
[EventDate "2014.08.02"]
[EventType "tourn"]
[EventRounds "10"]
[EventCountry "HUN"]
[EventCategory "7"]
[SourceTitle "CBM 161 Extra"]
[Source "ChessBase"]
[SourceDate "2014.08.29"]

1. e4 c5 2. Nf3 e6 3. d4 cxd4 4. Nxd4 a6 5. Nc3 d6 6. f4 b5 7. Bd3 Bb7 8. Qe2
Nf6 9. O-O Be7 10. Kh1 O-O 11. Bd2 Nc6 12. Nxc6 Bxc6 13. e5 dxe5 14. fxe5 Nd7
15. Bf4 Nc5 16. Qg4 Nxd3 17. Bh6 Bg5 18. Bxg5 Nxe5 19. Qg3 Qb8 20. Bf4 f6 21.
Qh3 Qd6 22. Rad1 Qe7 23. Bxe5 fxe5 24. Qe3 Qb7 25. Qg3 Rf5 26. Rde1 Raf8 27.
Rxf5 Rxf5 28. h3 h6 29. Rxe5 Bxg2+ 30. Kh2 Bxh3 31. Rxe6 Rh5 32. Re4 b4 33. Qg6
Qb8+ 34. Kh1 Bg4+ 35. Kg1 Qg3+ 0-1

[Event "Budapest FS08 GM"]
[Site "Budapest"]
[Date "2014.08.07"]
[Round "6"]
[White "Engqvist, Thomas"]
[Black "Molner, Mackenzie"]
[Result "1/2-1/2"]
[WhiteElo "2343"]
[BlackElo "2509"]
[PlyCount "66"]
[EventDate "2014.08.02"]
[EventType "tourn"]
[EventRounds "10"]
[EventCountry "HUN"]
[EventCategory "7"]
[SourceTitle "CBM 161 Extra"]
[Source "ChessBase"]
[SourceDate "2014.08.29"]

1. d4 Nf6 2. c4 e6 3. Nf3 d5 4. Nc3 Bb4 5. cxd5 exd5 6. Qa4+ Nc6 7. Bg5 h6 8.
Bxf6 Qxf6 9. e3 O-O 10. Be2 Be6 11. O-O a6 12. Ne1 Bd6 13. Bf3 Qf5 14. Qd1 Ne7
15. Nd3 Rad8 16. Nc5 Bxc5 17. dxc5 Nc6 18. Ne2 d4 19. Nxd4 Nxd4 20. exd4 Bd5
21. Bxd5 Qxd5 22. Qc2 Qxd4 23. Rad1 Qb4 24. a3 Qb5 25. b4 Rfe8 26. h3 a5 27.
Rxd8 Rxd8 28. Rd1 Rxd1+ 29. Qxd1 axb4 30. Qd8+ Kh7 31. axb4 Qxb4 32. Qxc7 Qe1+
33. Kh2 Qxf2 1/2-1/2

[Event "Budapest FS08 GM"]
[Site "Budapest"]
[Date "2014.08.08"]
[Round "7"]
[White "Berczes, David"]
[Black "Molner, Mackenzie"]
[Result "1/2-1/2"]
[WhiteElo "2472"]
[BlackElo "2509"]
[PlyCount "39"]
[EventDate "2014.08.02"]
[EventType "tourn"]
[EventRounds "10"]
[EventCountry "HUN"]
[EventCategory "7"]
[SourceTitle "CBM 161 Extra"]
[Source "ChessBase"]
[SourceDate "2014.08.29"]

1. Nf3 d5 2. d4 Nf6 3. c4 e6 4. g3 dxc4 5. Bg2 a6 6. O-O Nc6 7. e3 Rb8 8. Qe2
b5 9. b3 cxb3 10. axb3 Bd6 11. Bd2 Bb7 12. Rc1 O-O 13. Ne1 Qd7 14. Nd3 Rfe8 15.
f4 Nd5 16. Nc3 Ncb4 17. Nxb4 Nxb4 18. Bxb7 Rxb7 19. Ne4 Nd5 20. Rxa6 1/2-1/2

[Event "Budapest FS08 GM"]
[Site "Budapest"]
[Date "2014.08.09"]
[Round "8"]
[White "Molner, Mackenzie"]
[Black "Varga, Zoltan"]
[Result "1-0"]
[WhiteElo "2509"]
[BlackElo "2459"]
[PlyCount "67"]
[EventDate "2014.08.02"]
[EventType "tourn"]
[EventRounds "10"]
[EventCountry "HUN"]
[EventCategory "7"]
[SourceTitle "CBM 161 Extra"]
[Source "ChessBase"]
[SourceDate "2014.08.29"]

1. e4 Nf6 2. e5 Nd5 3. d4 d6 4. c4 Nb6 5. exd6 cxd6 6. Nc3 g6 7. Be3 Bg7 8. Rc1
O-O 9. b3 N8d7 10. d5 Nf6 11. Be2 Bf5 12. Nf3 Ne4 13. Nxe4 Bxe4 14. Ng5 Bf5 15.
g4 Bd7 16. Qd2 f6 17. Ne4 f5 18. gxf5 Bxf5 19. Ng3 Bh3 20. Rg1 Nd7 21. Nh5 Be5
22. f4 Bh8 23. Qc2 Kf7 24. Bd3 Rg8 25. Rg3 Qa5+ 26. Kf2 gxh5 27. Rxh3 Nf6 28.
Bxh7 Rg7 29. Bf5 Rf8 30. Be6+ Ke8 31. Kf3 Kd8 32. c5 dxc5 33. Bxc5 Nd7 34. Bb6+
1-0

[Event "Budapest FS08 GM"]
[Site "Budapest"]
[Date "2014.08.10"]
[Round "9"]
[White "Englert, Fabian"]
[Black "Molner, Mackenzie"]
[Result "1/2-1/2"]
[WhiteElo "2304"]
[BlackElo "2509"]
[PlyCount "53"]
[EventDate "2014.08.02"]
[EventType "tourn"]
[EventRounds "10"]
[EventCountry "HUN"]
[EventCategory "7"]
[SourceTitle "CBM 161 Extra"]
[Source "ChessBase"]
[SourceDate "2014.08.29"]

1. e4 c5 2. Nc3 e6 3. Nf3 a6 4. g3 b5 5. Bg2 Bb7 6. d3 Nc6 7. O-O Nge7 8. Ng5
h6 9. Nh3 g6 10. Be3 d6 11. f4 Bg7 12. g4 b4 13. Ne2 f5 14. gxf5 exf5 15. Ng3
O-O 16. exf5 Nxf5 17. Nxf5 Rxf5 18. Qg4 Kh7 19. Ng5+ hxg5 20. fxg5 Qc8 21. Rxf5
Qxf5 22. Qh4+ Kg8 23. Qc4+ Kh7 24. Rf1 Qe5 25. Qh4+ Kg8 26. Qc4+ Kh7 27. Qh4+
1/2-1/2